| Tag |
First Indicator |
Second Indicator |
Subfields |
| LEADER |
00000cam a2200000 4500 |
| 001 |
in00000054518 |
| 005 |
20151008052042.0 |
| 008 |
751110s1948 enk b 00000 eng |
| 010 |
|
|
|a 48008972
|
| 035 |
|
|
|a (OCoLC)01823014
|
| 035 |
|
|
|9 AAH1420AM
|
| 040 |
|
|
|a DLC
|c TOL
|d TOL
|d TXA
|d UtOrBLW
|
| 049 |
|
|
|a TXAM
|c [168846]
|
| 050 |
0 |
0 |
|a HF3540
|b .A545
|
| 092 |
|
|
|a 337.92
|b M612d
|
| 100 |
1 |
|
|a Meyer, F. V.
|q (Frederick Victor)
|
| 245 |
1 |
0 |
|a Britain's colonies in world trade /
|c Issued under the auspices of the Royal Institute of International Affairs.
|
| 264 |
|
1 |
|a London,
|a New York :
|b Oxford Univ. Press,
|c 1948.
|
| 300 |
|
|
|a xvi, 281 pages :
|b diagrams ;
|c 22 cm.
|
| 336 |
|
|
|a text
|b txt
|2 rdacontent
|
| 337 |
|
|
|a unmediated
|b n
|2 rdamedia
|
| 338 |
|
|
|a volume
|b nc
|2 rdacarrier
|
| 500 |
|
|
|a "A slightly altered version of a thesis accepted by the University of London for the degree of doctor of philosophy."
|
| 500 |
|
|
|a Errata slip inserted.
|
| 504 |
|
|
|a Bibliography: pages 269-273.
|
| 650 |
|
0 |
|a Imperial preference.
|
| 651 |
|
0 |
|a Great Britain
|x Colonies
|x Commerce.
|
| 999 |
|
|
|a MARS
|
| 999 |
f |
f |
|s 3478dda5-8c29-335b-91e0-874ec351b0dc
|i 50d27ad8-8a7c-3dfd-8e82-4ea07df8bcf0
|t 0
|
| 952 |
f |
f |
|p ric
|a Texas A&M University
|b Rellis Campus
|c Joint Library Facility
|d Remote Storage
|t 0
|e HF3540 .A545
|h Library of Congress classification
|i unmediated -- volume
|m A14800753969
|
| 998 |
f |
f |
|a HF3540 .A545
|t 0
|l Remote Storage
|